Engineering Mechanics (Record no. 9402)

MARC details
000 -LEADER
fixed length control field 00375nam a2200157Ia 4500
008 - FIXED-LENGTH DATA ELEMENTS--GENERAL INFORMATION
fixed length control field 221030s9999 xx 000 0 und d
041 ## - LANGUAGE CODE
Language code of text/sound track or separate title
082 ## - DEWEY DECIMAL CLASSIFICATION NUMBER
Classification number 105.23
100 ## - MAIN ENTRY--AUTHOR NAME
Personal name S. Ramamrutham
245 #0 - TITLE STATEMENT
Title Engineering Mechanics
Statement of responsibility, etc by S. Ramamrutham
250 ## - EDITION STATEMENT
Edition statement 15th
260 ## - PUBLICATION, DISTRIBUTION, ETC. (IMPRINT)
Name of publisher Dhanpat Rai Pub.
Place of publication Delhi
Year of publication 2010
300 ## - PHYSICAL DESCRIPTION
Number of Pages 1288
650 ## - SUBJECT ADDED ENTRY--TOPICAL TERM
Topical Term Mechanical
942 ## - ADDED ENTRY ELEMENTS (KOHA)
Koha item type Books
Holdings
Accession Number Cost, normal purchase price Bill Date Full call number Source of acquisition Price effective from Koha item type Withdrawn / writtenoff status Materials specified (bound volume or other part) Damaged status Not for loan Permanent Location Current Location Shelving location Date acquired Lost/ Missing status department
BE 11646 375.00 2788 105.23 RKB 10/30/2022 Books   Print     MIET Library, Jammu MIET Library, Jammu BL-Academic Block C, FL-2, CUP-5, SH-4, R-4 05/18/2011   BE